La orden de San Benito

Gorde:
Xehetasun bibliografikoak
Egile nagusia: Avila, Bruno (Egilea)
Formatua: Liburua
Hizkuntza:gaztelania
Argitaratua: Buenos Aires CEPA 1943
Edizioa:1a. ed
Gaiak:
Etiketak: Etiketa erantsi
Etiketarik gabe, Izan zaitez lehena erregistro honi etiketa jartzen!

MARC

LEADER 00000cam a2200000 a 4500
001 UCD0331
003 CL-VaPUC
008 151120e19430000ag |||||||||||||||||spa|d
082 0 4 |a 282  |b AVI  |2 21 
100 0 |a Avila, Bruno  |e author  |9 583320 
245 1 3 |a La orden de San Benito 
250 |a 1a. ed 
300 |a 143 p 
942 |c BK 
945 |d 20151120 13:39:00  |a gsalatino 
260 |a Buenos Aires  |b CEPA  |c 1943 
600 0 7 |a SAN BENITO  |2 CL-VaPUC  |9 432898 
650 0 |a Vida y obra  |9 311871 
583 |a last modification  |c 20151120 13:39:00  |k Rodrigo Vera 
999 |c 361896  |d 361894 
952 |0 0  |1 0  |3 erb  |4 0  |6 282_000000000000000_AVI_1943  |7 0  |8 P  |9 472642  |a BIBTEO  |b BIBTES  |c TEO_FTES  |i 5271657  |o 282 AVI 1943  |p 5271657  |r 2024-01-18  |w 2019-11-24  |y BK  |z Catalogado en:20151120  |k ICR